000 00930nam a2200253 a 4500
001 BRL_1484
005 20190320211229.0
008 240114s1964----mx-ao#####---#000-0#spa-#
041 _aspa
044 _amx
050 4 _aF1219
_b.A94 1964
100 1 _aAveleyra Arroyo de Anda, Luis
_924017
245 1 0 _aEl sacro de Tequixquiac
_bre-descubrimiento y re- evaluación de una escultura del pleistoceno superior del Altiplano de México
_cLuis Aveleyra Arroyo de Anda ; apéndice por Eduardo Schmitter.
260 _aMéxico
_bMuseo Nacional de Antropología ; INAH
_c1964
300 _a52 p.
_bil., 15 láminas
_c23 cm.
440 0 _aCuadernos del Museo Nacional de Antropología
_v2
_927062
500 _aAu1767
504 _aBibliografía: p. 41-44
650 1 4 _aIndígenas de México
_xEscultura
_927063
651 4 _aMéxico
_xAntigüedades
_92765
700 1 _aShmitter, Eduardo
_927064
902 _aGRL
942 _2lcc
_cB
999 _c10294
_d10294